000 00842nam a22002897a 4500
003 CHAP
005 20220329140320.0
008 971013s1982 r 00010 d
010 _a50257
011 _a51229
035 _a55379
040 _cCHAP
082 _a634.956
_bP5 1982
100 0 0 _aPinney, John J.
_988203
245 _aYour future in the nursery industry
250 _aRev. ed.
260 _aNew York :
_bRosen,
_c1982
300 _a160 p.
_b: ilus.
490 _aA definitive study of your future
590 _aBATCH-UPD
_b10
_c20130110
_lUCH01
_h0733
590 _aCONVERSION
_b10
_c20130109
_lUCH01
_h1327
650 1 4 _aViveros forestales.
_9120100
830 0 _aA definitive study of your future
_966
901 _aBK
942 _cLIBRO
949 _a634.956 P5 1982
_bBC
_cLIBRO
_d33724000267605
_eLIBRO
_h59228
_i55379
_si
999 _c50257
_d50257